[Event "ch-city"]
[Site "Milanowek"]
[Date "2013.07.01"]
[Round "8.4"]
[White "Lasota, Adam"]
[Black "Kowalczyk, Waldemar"]
[Result "1-0"]
[WhiteElo "1893"]
[BlackElo "1760"]
[PlyCount "117"]
[EventDate "2013.??.??"]
[EventType "swiss"]
[EventCountry "POL"]

1. d4 Nf6 2. Bf4 g6 3. e3 Bg7 4. Be2 O-O 5. Nf3 d6 6. h3 b6 7. O-O Bb7 8. Nbd2
Nbd7 9. Bh2 Ne4 10. Nxe4 Bxe4 11. Nd2 Bb7 12. Bf3 Bxf3 13. Nxf3 e6 14. Qd3 Qe7
15. a4 a5 16. Rfd1 Rfd8 17. Nd2 e5 18. c3 Kh8 19. Qc4 Rac8 20. Qc6 f5 21. Nc4
g5 22. Rd2 e4 23. b4 axb4 24. cxb4 Nf6 25. a5 bxa5 26. bxa5 Ra8 27. a6 Ra7 28.
Na3 Qd7 29. Qxd7 Rxd7 30. Nb5 Ra8 31. a7 c6 32. Nxd6 Rdxa7 33. Rxa7 Rxa7 34.
Bg3 Rd7 35. Nxf5 c5 36. Nxg7 Kxg7 37. Be5 Kf7 38. Ra2 cxd4 39. Bxd4 h6 40. Ra6
Ng8 41. Kh2 Re7 42. Kg3 h5 43. h4 g4 44. Ra5 Nf6 45. Rf5 Re6 46. Rxf6+ Rxf6 47.
Bxf6 Kxf6 48. Kf4 Kg6 49. Kxe4 Kf6 50. f3 gxf3 51. gxf3 Ke6 52. f4 Kf6 53. f5
Kf7 54. Ke5 Ke7 55. f6+ Kf7 56. Kf5 Kf8 57. Kg6 Kg8 58. f7+ Kf8 59. e4 1-0

[Event "ch-city"]
[Site "Milanowek"]
[Date "2013.07.01"]
[Round "8.5"]
[White "Bitowt, Jacek"]
[Black "Kowalik, Pawel"]
[Result "1/2-1/2"]
[WhiteElo "1858"]
[BlackElo "1655"]
[Annotator "Admin"]
[PlyCount "92"]
[EventDate "2013.??.??"]
[EventType "swiss"]
[EventCountry "POL"]

1. e4 e6 2. d4 d5 3. Nd2 dxe4 4. Nxe4 Nd7 5. Nf3 Ngf6 6. Nxf6+ Nxf6 7. Bg5 Be7
8. Bd3 c5 9. dxc5 Qa5+ 10. c3 Qxc5 11. O-O O-O 12. Qc2 h6 13. b4 Qc7 14. Bh4 b6
15. Bg3 Bd6 16. c4 Bxg3 17. hxg3 Bb7 18. Rfe1 Rac8 19. a4 Ba6 20. Ne5 Qe7 21.
Qb3 Nd7 22. Nxd7 Qxd7 23. a5 Bb7 24. Bf1 Qc7 25. Qe3 Qd6 26. axb6 axb6 27. Ra7
Qc7 28. Rea1 Ra8 29. c5 bxc5 30. bxc5 Rxa7 31. Rxa7 Ra8 32. Qa3 Rxa7 33. Qxa7
Qc6 34. Qb8+ Qc8 35. Qe5 Qc6 36. f3 Kf8 37. Bd3 f6 38. Qe3 Ke7 39. g4 e5 40.
Kh2 Qc7 41. Kh3 Bc6 42. Bc4 Qd7 43. Bg8 Bd5 44. Bh7 h5 45. Bf5 hxg4+ 46. Bxg4
Be6 $11 1/2-1/2

[Event "ch-city"]
[Site "Milanowek"]
[Date "2013.07.01"]
[Round "8.6"]
[White "Borowski, Marek"]
[Black "Herman, Monika"]
[Result "1/2-1/2"]
[WhiteElo "1506"]
[BlackElo "1665"]
[Annotator "Admin"]
[PlyCount "122"]
[EventDate "2013.??.??"]
[EventType "swiss"]
[EventCountry "POL"]

1. d4 Nf6 2. Nf3 e6 3. c4 Bb4+ 4. Nbd2 b6 5. a3 Be7 6. g3 Bb7 7. Bg2 a5 8. O-O
O-O 9. Qc2 d5 10. Ne5 Nbd7 11. Ndf3 dxc4 12. Qxc4 Bd5 13. Qc2 c5 14. Nxd7 Qxd7
15. Ne5 Qb7 16. Bxd5 Qxd5 17. Nc4 Rab8 18. dxc5 Bxc5 19. Ne3 Qh5 20. f3 Nd5 21.
Qe4 Qf5 22. Kf2 Qxe4 23. fxe4 Nxe3 24. Bxe3 Bxe3+ 25. Kxe3 Rfc8 26. Rac1 Kf8
27. Rfd1 Ke7 28. e5 b5 29. Rxc8 Rxc8 30. Rd3 Rc5 31. Kf4 Rc4+ 32. Ke3 b4 33.
axb4 Rxb4 34. b3 f6 35. exf6+ gxf6 36. Kd2 a4 37. bxa4 Rxa4 38. Ke3 e5 39. Rb3
Kf7 40. h4 Kg6 41. Kf3 h5 42. e4 $11 Ra6 43. Rc3 f5 44. Rb3 fxe4+ 45. Kxe4 Kf6
46. Rb8 Ke6 47. Rf8 Ra4+ 48. Ke3 Ra3+ 49. Kf2 e4 50. Rh8 Rf3+ 51. Kg2 Rf5 52.
Ra8 Kf6 53. Re8 Re5 54. Rf8+ Ke6 55. Rf4 Kd5 56. Kf2 Kd4 57. Rf8 Rd5 58. Ke2
Ke5 59. Rh8 Kd4 60. Rg8 Ra5 61. Rd8+ Rd5 $11 1/2-1/2

[Event "ch-city"]
[Site "Milanowek"]
[Date "2013.07.01"]
[Round "8.7"]
[White "Kasperkiewicz, Pawel"]
[Black "Zbrzeski, Piotr"]
[Result "1/2-1/2"]
[WhiteElo "2103"]
[BlackElo "1786"]
[PlyCount "110"]
[EventDate "2013.??.??"]
[EventType "swiss"]
[EventCountry "POL"]

1. e4 Nf6 2. e5 Nd5 3. d4 d6 4. Nf3 Bg4 5. Be2 Nc6 6. O-O dxe5 7. dxe5 e6 8.
Re1 a6 9. Ng5 Bf5 10. Bg4 Bxg4 11. Qxg4 Be7 12. Nf3 Bf8 13. Bg5 Qd7 14. c4 Nde7
15. Nc3 O-O-O 16. Rad1 Qe8 17. Rxd8+ Qxd8 18. Rd1 Qe8 19. a3 Ng6 20. Qe4 Be7
21. Be3 f5 22. exf6 Bxf6 23. Nd4 Nxd4 24. Bxd4 Qe7 25. Re1 Re8 26. g3 Qd6 27.
Bxf6 gxf6 28. f4 Re7 29. Kg2 f5 30. Qf3 Rg7 31. Kf1 Nf8 32. Nd1 Rd7 33. Nf2 Qd4
34. Qe2 Kb8 35. Rd1 Qg7 36. Rxd7 Qxd7 37. Qd3 Qxd3+ 38. Nxd3 Nd7 39. Kg2 b5 40.
cxb5 axb5 41. Kh3 c5 42. Kh4 c4 43. Nf2 Nf6 44. g4 fxg4 45. Nxg4 Nd5 46. Kg5
Kc7 47. f5 exf5 48. Kxf5 Kc6 49. h4 Kc5 50. Ke4 h5 51. Ne5 b4 52. axb4+ Nxb4
53. Ke3 Nd5+ 54. Ke4 Nb4 55. Ke3 Nd5+ 1/2-1/2

[Event "ch-city"]
[Site "Milanowek"]
[Date "2013.07.01"]
[Round "8.8"]
[White "Chylewski, Patryk"]
[Black "Szefer, Michal"]
[Result "0-1"]
[WhiteElo "1740"]
[BlackElo "1992"]
[PlyCount "109"]
[EventDate "2013.??.??"]
[EventType "swiss"]
[EventCountry "POL"]

1. e4 c5 2. Nf3 d6 3. Bc4 Nc6 4. h3 Nf6 5. d3 e6 6. Nc3 Be7 7. Ne2 a6 8. c3 b5
9. Bb3 Bb7 10. O-O O-O 11. Nf4 d5 12. e5 Nd7 13. d4 cxd4 14. cxd4 Nb6 15. a3
Qc7 16. Re1 Rae8 17. Bc2 Nc4 18. Qd3 g6 19. b3 Nb6 20. Nh5 Rc8 21. Bg5 Bxg5 22.
Nxg5 Kh8 23. Nf6 Qe7 24. Ngxh7 Rfd8 25. Re2 Kg7 26. Ng5 Rh8 27. g3 Nd7 28. Nxd7
Qxg5 29. Kg2 Rh6 30. Re3 Rh4 31. g4 Qf4 32. Nc5 Nxd4 33. Nxb7 Nxc2 34. Rf3 Qe4
35. Nd6 Qxd3 36. Rxd3 Nxa1 37. Nxc8 Nc2 38. Rd2 Nxa3 39. Nd6 Rh8 40. Kg3 Rb8
41. f4 b4 42. h4 Nb5 43. Nxb5 Rxb5 44. Rc2 Ra5 45. f5 gxf5 46. gxf5 Ra3 47. f6+
Kg6 48. Kg4 Rxb3 49. h5+ Kh6 50. Rc8 Kh7 51. Rc7 Kg8 52. Rc8+ Kh7 53. Rc7 Kg8
54. Rc8+ Kh7 55. Rc7 0-1

[Event "ch-city"]
[Site "Milanowek"]
[Date "2013.07.01"]
[Round "8.12"]
[White "Tomczyk, Ryszard"]
[Black "Kanach, Jerzy"]
[Result "0-1"]
[WhiteElo "1488"]
[BlackElo "1490"]
[PlyCount "50"]
[EventDate "2013.??.??"]
[EventType "swiss"]
[EventCountry "POL"]

1. e4 c5 2. Bc4 Nc6 3. a3 e6 4. Nc3 Nf6 5. d3 Be7 6. Nf3 O-O 7. h3 d5 8. exd5
exd5 9. Ba2 Bf5 10. Nh4 Be6 11. Nf3 h6 12. Ne2 d4 13. b3 Nh7 14. Nf4 Qd7 15.
Qe2 Bd6 16. Nxe6 fxe6 17. Bd2 Rae8 18. O-O-O c4 19. b4 c3 20. Be1 a5 21. bxa5
Bxa3+ 22. Kb1 Nxa5 23. Qe4 Qb5+ 24. Bb3 Nxb3 25. Ka2 Nc1+ 0-1

[Event "ch-city"]
[Site "Milanowek"]
[Date "2013.07.02"]
[Round "9.1"]
[White "Strzemiecki, Zbigniew"]
[Black "Praczukowski, Stanislaw"]
[Result "1-0"]
[WhiteElo "2431"]
[BlackElo "1838"]
[PlyCount "63"]
[EventDate "2013.??.??"]
[EventType "swiss"]
[EventCountry "POL"]

1. e4 c5 2. Nf3 d6 3. d4 cxd4 4. Nxd4 Nf6 5. f3 a6 6. c4 g6 7. Nc3 Bg7 8. Be3
O-O 9. Be2 Nc6 10. Qd2 Nxd4 11. Bxd4 Be6 12. Rc1 Qa5 13. O-O Rfc8 14. b3 b5 15.
cxb5 axb5 16. Rfd1 Rc6 17. Qg5 Rac8 18. Qxb5 Qc7 19. Qd3 Nxe4 20. Nb5 Bxd4+ 21.
Qxd4 Rxc1 22. Nxc7 Nc3 23. Qd2 Rxd1+ 24. Bxd1 Rxc7 25. Be2 Nxe2+ 26. Qxe2 Bf5
27. h4 d5 28. Qe5 Rd7 29. g4 Bb1 30. Qb2 Bd3 31. Qd4 Bb1 32. a4 1-0

[Event "ch-city"]
[Site "Milanowek"]
[Date "2013.07.02"]
[Round "9.2"]
[White "Lasota, Adam"]
[Black "Jakovljev, Zoran"]
[Result "1/2-1/2"]
[WhiteElo "1893"]
[BlackElo "2280"]
[PlyCount "133"]
[EventDate "2013.??.??"]
[EventType "swiss"]
[EventCountry "POL"]

1. d4 g6 2. Bf4 Bg7 3. e3 Nf6 4. Nf3 O-O 5. Be2 d6 6. h3 Nbd7 7. O-O Re8 8. c4
e5 9. dxe5 dxe5 10. Nxe5 Ne4 11. Nd3 c6 12. Qc2 Qf6 13. Nd2 Nec5 14. Rab1 Nxd3
15. Bxd3 Nc5 16. Ne4 Nxe4 17. Bxe4 Rxe4 18. Qxe4 Bf5 19. Qf3 Bxb1 20. Rxb1 g5
21. Bc7 Qxf3 22. gxf3 Rc8 23. Ba5 b6 24. Be1 Rd8 25. b3 Be5 26. Rc1 Kf8 27. Rc2
Rd1 28. Kf1 Ke7 29. Ke2 Rd6 30. Rd2 Rh6 31. f4 gxf4 32. exf4 Bxf4 33. Rd3 Re6+
34. Kf1 c5 35. Bd2 Bxd2 36. Rxd2 Rd6 37. Re2+ Kf6 38. Kg2 Rd3 39. Kh2 a6 40.
Kg2 b5 41. cxb5 axb5 42. Rc2 Rd5 43. a4 bxa4 44. bxa4 Ke6 45. a5 Kd6 46. a6 Kc6
47. Ra2 Rd8 48. Kf3 Kb6 49. Ke4 Ka7 50. Ra3 Rd6 51. Ra5 Re6+ 52. Kd5 Rh6 53.
Rxc5 Rxh3 54. Rc7+ Kxa6 55. Rxf7 h5 56. f4 Rh1 57. Rh7 h4 58. Ke4 Kb6 59. Kf3
Kc6 60. Kg2 Ra1 61. Rxh4 Kd5 62. Kf3 Rf1+ 63. Kg4 Ke4 64. Kg5 Rf2 65. Rg4 Rf1
66. Rh4 Rf2 67. Rg4 1/2-1/2

[Event "ch-city"]
[Site "Milanowek"]
[Date "2013.07.02"]
[Round "9.3"]
[White "Liberadzki, Slawomir"]
[Black "Borowski, Marek"]
[Result "1-0"]
[WhiteElo "2078"]
[BlackElo "1506"]
[PlyCount "69"]
[EventDate "2013.??.??"]
[EventType "swiss"]
[EventCountry "POL"]

1. e4 e6 2. d4 d5 3. e5 c5 4. c3 Nc6 5. Nf3 Bd7 6. a3 Qb6 7. b4 cxd4 8. cxd4
Nge7 9. Bb2 Ng6 10. Nc3 a6 11. h4 h5 12. g3 Be7 13. Na4 Qa7 14. Bd3 b5 15. Nc5
Bxc5 16. dxc5 Nce7 17. O-O Bc6 18. Qe2 Qd7 19. Nd4 Qc7 20. Nxc6 Nxc6 21. f4 Qe7
22. Bc3 Nxh4 23. gxh4 Qxh4 24. Qh2 Qe7 25. Qg2 O-O-O 26. a4 Qb7 27. axb5 axb5
28. Ra2 Rdg8 29. f5 h4 30. fxe6 fxe6 31. Qg6 Rh6 32. Qf7 Qxf7 33. Rxf7 Rhh8 34.
Bxb5 Nb8 35. Ra8 1-0

[Event "ch-city"]
[Site "Milanowek"]
[Date "2013.07.02"]
[Round "9.4"]
[White "Kowalik, Pawel"]
[Black "Wojtaszewski, Piotr"]
[Result "0-1"]
[WhiteElo "1655"]
[BlackElo "2018"]
[PlyCount "60"]
[EventDate "2013.??.??"]
[EventType "swiss"]
[EventCountry "POL"]

1. c4 e5 2. Nc3 Nc6 3. g3 Nf6 4. Bg2 Bb4 5. e3 Bxc3 6. bxc3 e4 7. f3 Ne5 8.
fxe4 Nd3+ 9. Ke2 Ng4 10. Nh3 Nge5 11. Nf4 d5 12. h3 dxc4 13. Nxd3 cxd3+ 14. Kf2
O-O 15. Ba3 Re8 16. Rf1 Nc4 17. Qc1 b6 18. Kg1 Bb7 19. Rb1 Bxe4 20. Bxe4 Rxe4
21. Bb2 Qd7 22. Kg2 Rae8 23. Ba1 R8e6 24. Qe1 Rh6 25. Rh1 Qc6 26. Kh2 Re5 27.
Rd1 Rxh3+ 28. Kxh3 Rh5+ 29. Kg4 Ne5+ 30. Kxh5 Qh6# 0-1

[Event "ch-city"]
[Site "Milanowek"]
[Date "2013.07.02"]
[Round "9.5"]
[White "Szefer, Michal"]
[Black "Sujkowski, Pawel"]
[Result "0-1"]
[WhiteElo "1992"]
[BlackElo "1957"]
[PlyCount "82"]
[EventDate "2013.??.??"]
[EventType "swiss"]
[EventCountry "POL"]

1. e4 c5 2. Nf3 d6 3. d4 cxd4 4. Nxd4 Nf6 5. Nc3 a6 6. f3 e6 7. Be3 b5 8. g4 h6
9. Rg1 Nbd7 10. h4 g6 11. g5 hxg5 12. hxg5 Nh5 13. Qd2 Bb7 14. O-O-O Rc8 15.
Kb1 Nc5 16. a3 Qc7 17. Bd3 Nxd3 18. cxd3 Bg7 19. f4 Nxf4 20. Ndxb5 axb5 21.
Nxb5 Qd7 22. Qb4 Be5 23. Rg4 Ba6 24. d4 Qxb5 25. Qxb5+ Bxb5 26. dxe5 dxe5 27.
Bxf4 exf4 28. Rxf4 Rh5 29. Rg1 Rc5 30. Rfg4 Be2 31. R4g3 Re5 32. R1g2 Rxe4 33.
a4 Rh1+ 34. Ka2 Rxa4+ 35. Kb3 Bd1+ 36. Kc3 Rah4 37. b4 Ba4 38. Kb2 R1h3 39. Ka3
Bb5 40. Kb3 Ke7 41. Kc3 e5 0-1

[Event "ch-city"]
[Site "Milanowek"]
[Date "2013.07.02"]
[Round "9.7"]
[White "Herman, Monika"]
[Black "Kasperkiewicz, Pawel"]
[Result "0-1"]
[WhiteElo "1665"]
[BlackElo "2103"]
[PlyCount "90"]
[EventDate "2013.??.??"]
[EventType "swiss"]
[EventCountry "POL"]

1. e4 c6 2. d4 d5 3. Nc3 dxe4 4. Nxe4 Bf5 5. Ng3 Bg6 6. h4 h6 7. Nf3 Nd7 8. h5
Bh7 9. Bd3 Bxd3 10. Qxd3 e6 11. Bd2 Qc7 12. c4 Ngf6 13. Qe2 Bd6 14. Nf5 O-O 15.
Nxd6 Qxd6 16. O-O-O b5 17. cxb5 cxb5 18. Kb1 Nd5 19. g4 f6 20. Rc1 a6 21. Rc2
Rac8 22. Rhc1 Rxc2 23. Rxc2 N7b6 24. b3 Rc8 25. Rxc8+ Nxc8 26. Qe4 Qc6 27. Qe1
Kf7 28. Kb2 Nce7 29. g5 hxg5 30. Bxg5 Nf5 31. Qd2 b4 32. Be3 Ndxe3 33. Ne5+
fxe5 34. fxe3 exd4 35. exd4 a5 36. Qd3 Qg2+ 37. Kb1 Qg1+ 38. Kb2 Qxd4+ 39. Qxd4
Nxd4 40. Kc1 Kf6 41. Kd2 Ke5 42. Kd3 Kd5 43. Ke3 e5 44. Kd3 Nf5 45. Kd2 Kd4 0-1

[Event "ch-city"]
[Site "Milanowek"]
[Date "2013.07.02"]
[Round "9.9"]
[White "Woloszyn, Piotr"]
[Black "Moscicka, Pola"]
[Result "1-0"]
[WhiteElo "1533"]
[BlackElo "1487"]
[PlyCount "129"]
[EventDate "2013.??.??"]
[EventType "swiss"]
[EventCountry "POL"]

1. g3 d5 2. d4 Nf6 3. Nf3 Nc6 4. Bg2 Bf5 5. a3 e6 6. Nbd2 Be7 7. c3 Qd7 8. h3
O-O-O 9. b4 Ne4 10. Bb2 Kb8 11. e3 Rdg8 12. Qa4 f6 13. c4 g5 14. c5 h5 15. b5
Nd8 16. Rc1 g4 17. Nh4 Nxd2 18. Kxd2 Bh7 19. c6 Qd6 20. cxb7 f5 21. hxg4 Bxh4
22. Rxh4 fxg4 23. Rxh5 Bf5 24. Rch1 Rxh5 25. Rxh5 Kxb7 26. Bc3 Kb8 27. Bb4 Qd7
28. Bc5 c6 29. Bf1 Qc7 30. Be2 Be4 31. Rh4 Bf5 32. Rh2 e5 33. Rh6 Ne6 34. Rf6
Nxc5 35. dxc5 Bd7 36. bxc6 Bc8 37. Ba6 Bxa6 38. Qxa6 Re8 39. Rd6 Re7 40. Rxd5
Rf7 41. Kc3 Re7 42. Rd6 Rg7 43. Re6 Rg8 44. Qb7+ Qxb7 45. cxb7 Kxb7 46. Rxe5
Kc6 47. Rf5 Rg7 48. Kc4 Rg6 49. e4 Rg7 50. e5 Re7 51. Rf6+ Kd7 52. Kd5 Kc7 53.
e6 Kd8 54. Kd6 Re8 55. Rf7 Kc8 56. e7 Kb7 57. Rf8 Rxf8 58. exf8=Q Ka6 59. Qb8
Ka5 60. Qb4+ Ka6 61. Qa4+ Kb7 62. c6+ Kb8 63. Qb4+ Kc8 64. Qb7+ Kd8 65. Qd7#
1-0

[Event "ch-city"]
[Site "Milanowek"]
[Date "2013.07.02"]
[Round "9.11"]
[White "Kanach, Jerzy"]
[Black "Chylewski, Patryk"]
[Result "0-1"]
[WhiteElo "1490"]
[BlackElo "1740"]
[PlyCount "76"]
[EventDate "2013.??.??"]
[EventType "swiss"]
[EventCountry "POL"]

1. e4 c5 2. Nf3 d6 3. Nc3 e6 4. b3 a6 5. Bb2 Nf6 6. Be2 b5 7. d3 Bb7 8. O-O
Nbd7 9. Re1 g6 10. Nb1 Bg7 11. c3 O-O 12. Nbd2 Qc7 13. Rc1 d5 14. Qc2 Rfd8 15.
c4 Qb6 16. Qb1 bxc4 17. dxc4 dxe4 18. Ng5 h6 19. Ngxe4 Nxe4 20. Nxe4 Bxb2 21.
Bf3 Bxc1 22. Qxc1 Kg7 23. h4 Bxe4 24. Rxe4 Nf6 25. Qc3 Rd4 26. Re1 Rad8 27. Re3
Qb4 28. Qc1 Rxh4 29. g3 Rhd4 30. a3 Qd2 31. Qb1 Ng4 32. Bxg4 Rxg4 33. Kg2 Rgd4
34. b4 cxb4 35. axb4 Rxc4 36. Qa1+ Qd4 37. Qxa6 Qd5+ 38. Rf3 Rc3 0-1

[Event "ch-city"]
[Site "Milanowek"]
[Date "2013.07.02"]
[Round "9.13"]
[White "Kucharski, Jacek"]
[Black "Moscicki, Slawomir"]
[Result "1/2-1/2"]
[WhiteElo "1371"]
[BlackElo "1388"]
[PlyCount "69"]
[EventDate "2013.??.??"]
[EventType "swiss"]
[EventCountry "POL"]

1. d4 Nf6 2. Nf3 d6 3. g3 Nbd7 4. Bg2 e5 5. dxe5 dxe5 6. O-O Bd6 7. c3 O-O 8.
Nfd2 a5 9. Ne4 Nxe4 10. Bxe4 Nf6 11. Bg5 h6 12. Bxf6 Qxf6 13. Nd2 Bh3 14. Bxb7
Bxf1 15. Bxa8 Bh3 16. Bg2 Bxg2 17. Kxg2 Rd8 18. Ne4 Qg6 19. Qd5 Kh8 20. Nxd6
cxd6 21. Qxa5 Qe4+ 22. f3 Qxe2+ 23. Kh3 Re8 24. Qa4 Rb8 25. Qa7 Qxb2 26. Rd1
Rf8 27. Qa5 Qe2 28. Qd5 f6 29. Qxd6 Qxf3 30. Qxf8+ Kh7 31. Qd6 Qh5+ 32. Kg2
Qe2+ 33. Kg1 Qe3+ 34. Kf1 Qf3+ 35. Kg1 1/2-1/2